| 000 | 00674cam a2200205 4500 | ||
|---|---|---|---|
| 001 | WB3628-32 | ||
| 008 | 000000n2000 000 0 eng u | ||
| 035 | _a(Sirsi) u107213 | ||
| 245 | _aCongestion measures | ||
| 260 | _c2000 | ||
| 490 |
_aRetail Week _v14 July 2000, 17(1) |
||
| 520 | _aResearch by DTZ Pieda indicates that measures to combat urban congestion could drive away consumers and force them to use other towns and cities where restrictions do not apply. | ||
| 590 | _aWB | ||
| 650 | _aTRAFFIC CONGESTION | ||
| 650 | _aPARKING SCHEMES | ||
| 650 | _aTOWN CENTRES | ||
| 650 | _aTRANSPORT POLICY | ||
| 690 | _aTRANSPORT AND COMMUNICATIONS | ||
| 942 | _n0 | ||
| 999 |
_c64096 _d64096 |
||